[Event "Superettan(Upsala-SS 4 Springare)"]
[Site "?"]
[Date "2022.10.14"]
[Round "1"]
[White "Peng, Li Min"]
[Black "Sirin, Atakan"]
[Result "1-0"]
[WhiteElo "2502"]
[BlackElo "2336"]
[PlyCount "83"]
[SourceVersionDate "2022.10.30"]

1. d4 d5 2. c4 e5 3. dxe5 d4 4. Nf3 Nc6 5. g3 Nge7 6. Bg2 Ng6 7. O-O Ngxe5 8.
Nxe5 Nxe5 9. b3 Bc5 10. Nd2 a5 11. Ne4 Ba7 12. Ba3 f5 13. Nd2 Kf7 14. Qc2 Re8
15. Rad1 Qf6 16. c5 Nc6 17. Bxc6 bxc6 18. Nf3 Ba6 19. Rfe1 Rad8 20. Bb2 Rd5 21.
Rxd4 Rxc5 22. Rd7+ Ke6 23. Qd2 Qh6 24. Ng5+ Qxg5 25. Qxg5 Kxd7 26. Qxg7+ Re7
27. Qd4+ Kc8 28. Ba3 Rd7 29. Qe3 Rdd5 30. Bxc5 Bxc5 31. Qe6+ Kb7 32. Rc1 Bd6
33. Qd7 c5 34. e3 h6 35. Qe6 Kc6 36. Qxh6 Be2 37. Kg2 Bd3 38. f3 Be2 39. Rc2
Bd1 40. Rb2 a4 41. bxa4 c4 42. Qe6 1-0

[Event "Superettan(Kamraterna-Rock., Sthlm II)"]
[Site "?"]
[Date "2022.10.14"]
[Round "1"]
[White "Aberg, Anton"]
[Black "Bryntze, Stefan"]
[Result "0-1"]
[WhiteElo "2321"]
[BlackElo "2236"]
[PlyCount "56"]
[SourceVersionDate "2022.10.31"]

1. d4 Nf6 2. Bg5 d5 3. Bxf6 gxf6 4. e3 b6 5. c4 Bb7 6. cxd5 Qxd5 7. Nc3 Qf5 8.
d5 e5 9. Nge2 Nd7 10. Ng3 Qg6 11. Bd3 Qg7 12. O-O O-O-O 13. Nf5 Qg5 14. h4 Qg8
15. Qe2 Nc5 16. Bc4 Qg6 17. e4 Rg8 18. g3 a5 19. Rfe1 Kb8 20. a3 Bc8 21. d6
Bxd6 22. Nxd6 Rxd6 23. b4 Ne6 24. Bxe6 Bxe6 25. bxa5 Rc6 26. axb6 Rxc3 27.
bxc7+ Ka7 28. Kh1 Qg4 0-1

[Event "Superettan(Vaxjo-Vasteras II)"]
[Site "?"]
[Date "2022.10.14"]
[Round "1"]
[White "Hillarp, Tiger"]
[Black "Bjorkman, Filip"]
[Result "1-0"]
[WhiteElo "2511"]
[BlackElo "2057"]
[PlyCount "101"]
[SourceVersionDate "2022.11.01"]

1. Nf3 Nf6 2. g3 g6 3. c4 Bg7 4. Bg2 O-O 5. O-O c6 6. b3 Ne4 7. d4 d5 8. Bb2
Bf5 9. Ne5 Nd7 10. f3 Nd6 11. cxd5 cxd5 12. Na3 h5 13. Qd2 Qb6 14. e3 Rfd8 15.
Rfc1 Rac8 16. h3 Bh6 17. Rxc8 Rxc8 18. Re1 Nb5 19. g4 hxg4 20. hxg4 Be6 21.
Nxb5 Qxb5 22. Nd3 Qa6 23. Rc1 Rxc1+ 24. Bxc1 f6 25. Bf1 Qd6 26. Qh2 Qxh2+ 27.
Kxh2 Nb8 28. Kg3 Nc6 29. f4 Bc8 30. Bg2 e6 31. Ba3 f5 32. Bf1 Kf7 33. g5 Bg7
34. Ne1 Bd7 35. Kf2 Nd8 36. Nf3 a6 37. Bd3 Bb5 38. Bc2 a5 39. Bc5 Nc6 40. a3
Ke8 41. Ke1 Nb8 42. a4 Ba6 43. b4 axb4 44. Bxb4 b6 45. Bd6 Nc6 46. Bc7 b5 47.
Bd3 bxa4 48. Bxa6 a3 49. Nd2 Bxd4 50. exd4 Nxd4 51. Be5 1-0

[Event "Superettan(Upsala-SS 4 Springare)"]
[Site "?"]
[Date "2022.10.14"]
[Round "1"]
[White "Johansson, Jan"]
[Black "Larkin, Vladyslav"]
[Result "1/2-1/2"]
[WhiteElo "2307"]
[BlackElo "2421"]
[PlyCount "85"]
[SourceVersionDate "2022.10.30"]

1. d4 Nf6 2. Nf3 e6 3. c4 Bb4+ 4. Bd2 a5 5. e3 d6 6. Be2 O-O 7. O-O Bxd2 8.
Qxd2 b6 9. Nc3 Bb7 10. Qc2 Nbd7 11. Nd2 Qe7 12. Bf3 Bxf3 13. Nxf3 Nh5 14. Qa4
f5 15. Qc6 Rac8 16. a3 g5 17. g3 g4 18. Ne1 Nb8 19. Qb7 Qd7 20. Qg2 Qc6 21. b3
Qxg2+ 22. Kxg2 e5 23. f3 Nf6 24. dxe5 dxe5 25. fxg4 Nxg4 26. Nc2 Rcd8 27. Rad1
Na6 28. h3 Nh6 29. b4 Kg7 30. Na4 Kf6 31. bxa5 bxa5 32. Na1 Rd6 33. Rxd6+ cxd6
34. Rb1 Rb8 35. Rb5 Nf7 36. Rxa5 Nc7 37. Nc2 Rb3 38. c5 dxc5 39. Rxc5 Nb5 40.
g4 fxg4 41. hxg4 Nxa3 42. Nxa3 Rxa3 43. Nc3 1/2-1/2

[Event "Superettan(Kamraterna-Rock., Sthlm II)"]
[Site "?"]
[Date "2022.10.14"]
[Round "1"]
[White "Eriksson, Dan"]
[Black "Andreasson, Ingvar"]
[Result "0-1"]
[WhiteElo "2269"]
[BlackElo "2319"]
[PlyCount "100"]
[SourceVersionDate "2022.10.31"]

1. e4 c5 2. c3 d5 3. exd5 Qxd5 4. d4 e6 5. Nf3 Nf6 6. Na3 Nc6 7. Be3 cxd4 8.
Nb5 Qd8 9. Nbxd4 Nxd4 10. Bxd4 Be7 11. Qa4+ Bd7 12. Qb3 O-O 13. Ne5 Bc6 14.
Nxc6 bxc6 15. Be2 Qc7 16. Qc4 e5 17. Bc5 Bxc5 18. Qxc5 Rfd8 19. Rd1 Rxd1+ 20.
Bxd1 Qb6 21. Qxb6 axb6 22. a3 Kf8 23. g4 e4 24. Kd2 Rd8+ 25. Kc2 h6 26. h4 Rd5
27. Re1 g5 28. h5 Re5 29. c4 Ke7 30. a4 Kd6 31. b4 Re7 32. Kc3 Ke5 33. a5 bxa5
34. bxa5 Ra7 35. Kb4 Kd4 36. Ba4 Rb7+ 37. Bb5 cxb5 38. Rd1+ Ke5 39. cxb5 Nd5+
40. Kc4 Rc7+ 41. Kb3 Rc5 42. Ka4 Nc3+ 43. Kb4 Rxb5+ 44. Kxc3 Rxa5 45. Rd7 Ra3+
46. Kd2 Rd3+ 47. Rxd3 exd3 48. Ke3 d2 49. f4+ gxf4+ 50. Kxd2 Kf6 0-1

[Event "Superettan(Vaxjo-Vasteras II)"]
[Site "?"]
[Date "2022.10.14"]
[Round "1"]
[White "Kruuse, Peter"]
[Black "Lindberg, Bengt"]
[Result "1/2-1/2"]
[WhiteElo "1844"]
[BlackElo "2370"]
[PlyCount "106"]
[SourceVersionDate "2022.11.01"]

1. e4 c5 2. Nf3 e6 3. c3 Nf6 4. e5 Nd5 5. d4 cxd4 6. cxd4 d6 7. Nc3 Nxc3 8.
bxc3 Qc7 9. Qb3 Nc6 10. exd6 Bxd6 11. Ba3 O-O 12. Bxd6 Qxd6 13. Be2 e5 14. O-O
exd4 15. cxd4 Nxd4 16. Nxd4 Qxd4 17. Bf3 Rb8 18. Rad1 Qf4 19. Qa3 a6 20. Rd6 b5
21. Rfd1 b4 22. Qa4 Qg5 23. R6d5 Qe7 24. Qa5 Be6 25. Rd6 b3 26. axb3 Bxb3 27.
R1d4 Bc4 28. h3 Bb5 29. Qd2 Rfe8 30. Kh2 Qe5+ 31. g3 Qe1 32. Bc6 Qxd2 33. Rxd2
Bxc6 34. Rxc6 Re6 35. Rc7 Ra8 36. Rdd7 Rf6 37. Kg2 g6 38. g4 h6 39. Kg3 Kg7 40.
f3 Rb8 41. Rd3 Rbb6 42. Ra7 Rfd6 43. Rc3 Rf6 44. Ra3 g5 45. h4 Kg6 46. hxg5
hxg5 47. Rd7 Rfd6 48. Rc7 f6 49. Re3 f5 50. gxf5+ Kxf5 51. Rc5+ Kg6 52. Ree5
Kh6 53. Rxg5 Rg6 1/2-1/2

[Event "Superettan(Upsala-SS 4 Springare)"]
[Site "?"]
[Date "2022.10.14"]
[Round "1"]
[White "Poley, Vladimir"]
[Black "Burwick, Malte"]
[Result "1-0"]
[WhiteElo "2313"]
[BlackElo "2225"]
[PlyCount "80"]
[SourceVersionDate "2022.10.30"]

1. Nf3 g6 2. d4 Bg7 3. Nc3 d6 4. e4 a6 5. h3 Nd7 6. Be3 e6 7. Qd2 h6 8. Be2 Ne7
9. g4 b5 10. a3 Bb7 11. Rg1 Nf6 12. Qd3 Nd7 13. g5 h5 14. Rd1 O-O 15. Nh4 Qe8
16. f4 c5 17. f5 Bxd4 18. Bxd4 cxd4 19. Qxd4 d5 20. fxe6 fxe6 21. exd5 e5 22.
Qd3 Rf4 23. Qg3 Rc8 24. d6 Nf5 25. Nxf5 Rxf5 26. Rf1 Rxf1+ 27. Bxf1 Qe6 28. h4
Rc4 29. Bxc4 Qxc4 30. Qh3 Bc6 31. b3 Qc5 32. Ke2 Nf8 33. Qe3 Qxa3 34. Qxe5 Qb2
35. Qc5 Bd7 36. Kd2 Bf5 37. Nd5 Ne6 38. Qc3 Qa3 39. Ne7+ Kh7 40. Nxf5 gxf5 1-0

[Event "Superettan(Kamraterna-Rock., Sthlm II)"]
[Site "?"]
[Date "2022.10.14"]
[Round "1"]
[White "Olausson, Claes-Goran"]
[Black "Nikolic, Vladan"]
[Result "1-0"]
[WhiteElo "2240"]
[BlackElo "2186"]
[PlyCount "75"]
[SourceVersionDate "2022.10.31"]

1. Nf3 c5 2. c4 Nc6 3. g3 Nf6 4. Bg2 d5 5. cxd5 Nxd5 6. O-O e5 7. d3 Be7 8. Nc3
Be6 9. Nd2 Nb6 10. f4 exf4 11. gxf4 Qd7 12. Nde4 Nd4 13. Be3 Rd8 14. b3 Nf5 15.
Bf2 Nd5 16. Nxd5 Bxd5 17. Bh3 Qc6 18. Bxf5 g6 19. Bh3 Bxe4 20. Qc2 Bf5 21. Bg2
Qd7 22. Rac1 O-O 23. Qb2 b6 24. Be1 Rfe8 25. Bc3 Qe6 26. e4 Bg4 27. f5 Qd7 28.
Qf2 Bg5 29. h3 Bh5 30. Rce1 Qxd3 31. Ba1 Qd2 32. Qg3 Rd3 33. Qc7 Be3+ 34. Kh1
Rd7 35. Qc6 Red8 36. e5 Bd4 37. e6 Rd6 38. e7 1-0

[Event "Superettan(Vaxjo-Vasteras II)"]
[Site "?"]
[Date "2022.10.14"]
[Round "1"]
[White "Rydstrom, Tom"]
[Black "Ivebrink, Pontus"]
[Result "1-0"]
[WhiteElo "2303"]
[BlackElo "1635"]
[PlyCount "61"]
[SourceVersionDate "2022.11.01"]

1. e4 e5 2. Bc4 Nc6 3. d3 Nf6 4. Nc3 Bb4 5. Bd2 O-O 6. Nge2 d6 7. O-O a6 8. h3
Be6 9. a3 Bxc4 10. dxc4 Bxc3 11. Nxc3 Nd4 12. Be3 Ne6 13. Re1 Qd7 14. Qf3 c6
15. Rad1 Qe7 16. a4 a5 17. b3 Rab8 18. Rd2 Qc7 19. Red1 Rfd8 20. h4 h5 21. Bg5
Nd4 22. Rxd4 exd4 23. Bxf6 gxf6 24. Rxd4 d5 25. exd5 Re8 26. d6 Qb6 27. Rd1 Re6
28. Qxh5 Rd8 29. c5 Qb4 30. Rd3 Qf4 31. Rg3+ 1-0